000 00575nam a2200253Ia 4500
003 OSt
005 20220912152737.0
006 a|||||r|||| 00| 0
007 ta
008 220909b |||||||| |||| 00| 0 eng d
024 _a36745
037 _cTextual
040 _aCSL
_beng
_cCSL
041 _aeng
082 _aC41z7, J3
110 _aUniversity of Michigan
245 0 _aHeat transfer: A symposium
260 _c1953
300 _ap.
_ccm.
650 _a Heat
650 _aPhysics
942 _hC41z7, J3
_cTEXL
_2CC
999 _c90945
_d90945